Multiple Choice City Quiz – Dallas - Statistics

General Stats
  • This quiz has been taken 11,538 times
  • The average score is 7 of 10
Answer Stats
Question Answer % Correct
Who was assassinated in Dallas on November 22, 1963? John F. Kennedy
99%
With a population over 900,000, what is the second largest city in Dallas's metro area? Fort Worth
84%
Who was the main star of "Dallas Buyers Club"? Matthew McConaughey
77%
Which of these things does Dallas-based Texas Instruments produce? Calculators
75%
Who bought the Dallas Mavericks after somehow selling Broadcast.com to Yahoo for $5.7 billion? Mark Cuban
72%
Where did the assassin shoot from (according to the Warren Commission)? The Texas School Book Depository
65%
Which of the following things does Dallas have? The world's most valuable sports team
59%
What is Dallas's nickname? The Big D
54%
Which of these Presidential candidates lived in Dallas? H. Ross Perot
50%
Which of these universities is located in Dallas, and is home to the George W. Bush Presidential Library? Southern Methodist
33%
No matching quizzes found
Score Distribution
Percent of People with Each Score
Percentile by Number Answered
Your Score History
You have not taken this quiz